Statistieken voor Wie is de Mol? kandidaten

Klik hier om de quiz te nemen!

Algemene statistieken

  • Deze quiz is 19 keer genomen
  • De gemiddelde score is 43 van 201

Antwoordstatistieken

PlekJaarAntwoord% Correct
de Mol van 20202020Rob Dekay
64%
Winnaar2020Buddy Vedder
55%
de Mol van 20132013Kees Tol
45%
9de afvaller2016Airen Mylene
36%
9de afvaller2020Anita Witzier
36%
de Mol van 20122012Anne-Marie Jung
36%
Winnaar2011Art Rooijakkers
36%
Verliezend Finalist2003Chandrika
36%
3de afvaller2015Chris Zegers
36%
de Mol van 19991999Deborah
36%
de Mol van 20032003Elise
36%
7de afvaller2016Ellie Lust
36%
5de afvaller2012Frits Huffnagel
36%
9de afvaller2006Geert Hoes
36%
de Mol van 20022002George
36%
5de afvaller2005Gijs Staverman
36%
de Mol van 20072007Inge Ipenburg
36%
de Mol van 20182018Jan Versteegh
36%
5de afvaller2005Jim de Groot
36%
Verliezend Finalist2017Jochem van Gelder
36%
de Mol van 20162016Klaas van Kruistum
36%
Verliezend Finalist2012Liesbeth Staats
36%
Verliezend Finalist2005Lottie Hellingman
36%
Winnaar2005Marc-Marie Huijbregts
36%
de Mol van 20152015Margriet van der Linden
36%
Verliezend Finalist2020Miljuschka Witzenhausen
36%
de Mol van 20012001Nico
36%
Verliezend Finalist2019Niels Littooij / Nielson
36%
de Mol van 20112011Patrick Stoof
36%
Winnaar2013Paulien Cornelisse
36%
Winnaar2015Rik van de Westelaken
36%
Verliezend Finalist2006Roderick Veelo
36%
9de afvaller2005Roeland Fernhout
36%
Winnaar2003Ron
36%
Winnaar2018Ruben Hein
36%
Winnaar2017Sanne-wallis de Vries
36%
Winnaar2019Sarah Chronis
36%
Winnaar2014Sofie van den Enk
36%
de Mol van 20142014Susan Visser
36%
3de afvaller2016Taeke Taekema
36%
de Mol van 20172017Thomas Cammaert
36%
7de afvaller2005Victoria Koblenko
36%
3de afvaller1999Wilmie
36%
de Mol van 20052005Yvon Jaspers
36%
Verliezend Finalist2016Annemieke Schollaardt
27%
8de afvaller2008Annette van Trigt
27%
Verliezend Finalist2009Anniek Pheifer
27%
Verliezend Finalist2013Carolien Borgers
27%
5de afvaller2015Carolina Dijkhuizen
27%
5de afvaller2020Claes Iversen
27%
de Mol van 20082008Dennis Weening
27%
3de afvaller2017Diederik Jekel
27%
4de afvaller2008Dunya Khayame
27%
Winnaar2008Edo Brunner
27%
3de afvaller2010Erik van der Hoff
27%
Verliezend Finalist2007Eva van der Gucht
27%
9de afvaller2019Evi Hanssen
27%
Winnaar2006Frédérique Huydts
27%
Verliezend Finalist2014Freek Bartels
27%
Winnaar2010Frits Sissing
27%
8de afvaller2011Horace Cohen
27%
4de afvaller2017Imanuelle Grives
27%
3de afvaller2005Isabella Brinkman
27%
5de afvaller2017Jeroen Kijk in de Vegte
27%
Winnaar2002John
27%
de Mol van 20092009Jon van Eerd
27%
de Mol van 20102010Kim Pieters
27%
6de afvaller2006Liz Snoijink
27%
Verliezend Finalist2015Marlijn Weerdenburg
27%
de Mol van 20192019Merel Westerik
27%
de Mol van 20062006Milouska Meulens
27%
4de afvaller2007Nadja Hüpscher
27%
Verliezend Finalist2020Nathan Rutjes
27%
3de afvaller2008Patrick Martens
27%
3de afvaller2006Peggy Vrijens
27%
Winnaar1999Petra
27%
9de afvaller2015Pieter Derks
27%
Verliezend Finalist2008Regina Romeijn
27%
8de afvaller2016Remy van Kesteren
27%
Verliezend Finalist2007Renate Verbaan
27%
6de afvaller2019Robèrt van Beckhoven
27%
Verliezend Finalist1999Robin
27%
9de afvaller2018Ron Boszhart
27%
7de afvaller2017Roos Schlikker
27%
4de afvaller2005Sander de Heer
27%
Verliezend Finalist2010Sanne Vogel
27%
Winnaar2001Sigrid
27%
6de afvaller2017Sigrid ten Napel
27%
3de afvaller2018Simone Weimans
27%
5de afvaller2013Tania Kross
27%
Winnaar2016Tim Hofman
27%
3de afvaller2012Tim Kamps
27%
4de afvaller2006Toine van Peperstraten
27%
6de afvaller2015Viktor Brand
27%
Winnaar2009Vivienne van den Assem
27%
8de afvaller2017Yvonne Coldeweijer
27%
8de afvaller2005Yvonne van den hurk
27%
3de afvaller2013Zarayda Groenhart
27%
7de afvaller2015Ajouad el Miloudi
18%
4de afvaller2010Arjen Lubach
18%
7de afvaller2018Bella Hay
18%
5de afvaller2016Cecilé Narinx
18%
8de afvaller2006Chris Tates
18%
3de afvaller2009Dennis Storm
18%
8de afvaller2012Dio Braaf
18%
6de afvaller2018Emilio Guzman
18%
8de afvaller2015Evelien Bosch
18%
7de afvaller2019Evelien de Bruijn
18%
9de afvaller2013Ewout Genemans
18%
4de afvaller2003Ferdi
18%
6de afvaller2009Froukje Jansen
18%
7de afvaller2008Georgina Verbaan
18%
Winnaar2012Hadewych Minis
18%
7de afvaller2020Jaike Belfor
18%
4de afvaller2019Jamie Trenité
18%
7de afvaller2013Janine Abbring
18%
Verliezend Finalist2002Jantien
18%
4de afvaller2014Jan-Willem Roodbeen
18%
8de afvaller2018Jean-Marc van Tol
18%
6de afvaller2014Jennifer Hoffman
18%
8de afvaller2013Joep van Deudekom
18%
6de afvaller2020Johan Goossens
18%
4de afvaller2020Leonie ter Braak
18%
8de afvaller2007Liesbeth Kamerling
18%
5de afvaller2018Loes Haverkort
18%
9de afvaller2010Loretta Schrijver
18%
7de afvaller2012Maarten van der Weijden
18%
7de afvaller2010Manuel Venderbos
18%
9de afvaller2012Marion Pauw
18%
4de afvaller2015Martine Sandifort
18%
8de afvaller2019Nikkie de Jager
18%
Verliezend Finalist2018Olcay Gulsen
18%
8de afvaller2014Owen Schumacher
18%
Winnaar2007Paul Rabberink
18%
5de afvaller2002Prince
18%
3de afvaller2003René
18%
5de afvaller2006Richard Groenedijk
18%
4de afvaller2009Rick Engelkes
18%
4de afvaller2019Rick-Paul van Mulligen
18%
3de afvaller2019Sinan Can
18%
4de afvaller2018Stine Jensen
18%
6de afvaller2013Tim Haars
18%
8de afvaller2020Tina de Bruin
18%
3de afvaller2014Tygo Gernandt
18%
9de afvaller2009Vera Mann
18%
9de afvaller2017Vincent Vianen
18%
5de afvaller2014Aaf Brandt Cortius
9%
7de afvaller2003Aafke
9%
6de afvaller2007Alex Klaasen
9%
4de afvaller2011Anna Drijver
9%
6de afvaller2003Astrid
9%
6de afvaller2010Barbera Barend
9%
7de afvaller2001Björn
9%
6de afvaller2008Coen Swijnenberg
9%
4de afvaller2013Daniël Bossevain
9%
7de afvaller2014Daphne Bunskoek
9%
5de afvaller2007Dick Jol
9%
3de afvaller2002Ellen
9%
10de afvaller2002Erik
9%
5de afvaller1999Foke
9%
9de afvaller2011Hanna Bervoets
9%
8de afvaller2009Hans Schiffers
9%
5de afvaller2010Hind Laroussi
9%
6de afvaller2011Jan Kooijman
9%
5de afvaller2008Joris Linssen
9%
6de afvaller2002Karen
9%
3de afvaller2011Karin de Groot
9%
7de afvaller2002Kerstin
9%
6de afvaller2016Marjolein Keuling
9%
7de afvaller2006Mary-Lou van Stenis
9%
9de afvaller2014Maurice Lede
9%
7de afvaller2007Menno Bentveld
9%
7de afvaller2011Miryanna van Reeden
9%
9de afvaller2002Paméla
9%
5de afvaller2003Patricia
9%
5de afvaller2011Pepijn Gunneweg
9%
4de afvaller2016Rob Verheijden
9%
9de afvaller2007Sander Latinga
9%
9de afvaller1999Sandy
9%
Verliezend Finalist2011Soundos el Ahmadi
9%
4de afvaller2012Willem Spaaij
9%
8de afvaller1999Willy
9%
Verliezend Finalist2001Yvonne
9%
4de afvaller1999Arnoud
0%
5de afvaller2001Cor
0%
4de afvaller2001Dan
0%
8de afvaller2002Dick
0%
3de afvaller2001Doortje
0%
9de afvaller2001Gerda
0%
4de afvaller2002Harry
0%
7de afvaller1999John
0%
8de afvaller2003Julien
0%
9de afvaller2003Louis
0%
6de afvaller2012Marit van Bohemen
0%
6de afvaller2001Nazife
0%
9de afvaller2008Nicolette Kluijver
0%
7de afvaller2009Paula Udondek
0%
5de afvaller2009Sebastiaan Labrie
0%
8de afvaller2010Tim Akkerman
0%
8de afvaller2001Ward
0%
6de afvaller1999Warner
0%

Scoreverdeling

Percentiel versus Aantal Correcte Antwoorden

Procent van Mensen met Elke Score

Uw Scoregeschiedenis

U heeft deze quiz nog niet genomen